Macroeconomía
Guardat en:
| Autor principal: | |
|---|---|
| Format: | Llibre |
| Idioma: | espanyol |
| Publicat: |
Barcelona
Antoni Bosch
2007
|
| Edició: | 6a. ed |
| Matèries: | |
| Etiquetes: |
Afegir etiqueta
Sense etiquetes, Sigues el primer a etiquetar aquest registre!
|
MARC
| LEADER | 00000cam a2200000 a 4500 | ||
|---|---|---|---|
| 001 | UCI7869 | ||
| 003 | CL-VaPUC | ||
| 008 | 080725e20070000SP |||||||||||||||||spa|d | ||
| 020 | |a 9788495348340 | ||
| 082 | 0 | 4 | |a 339 |b MAN |2 21 |
| 100 | |a Mankiw, N. Gregory |e autor |9 861929 | ||
| 245 | 1 | 0 | |a Macroeconomía |
| 250 | |a 6a. ed | ||
| 300 | |a 826 p | ||
| 942 | |c BK | ||
| 945 | |d 20080725 00:00:00 |a jtorresc | ||
| 260 | |a Barcelona |b Antoni Bosch |c 2007 | ||
| 650 | 0 | |a Crecimiento económico |9 314037 | |
| 650 | 0 | |a Inflación |9 257218 | |
| 650 | 0 | |a Dinero |9 314331 | |
| 650 | 0 | |a Inversiones |9 345867 | |
| 583 | |a last modification |c 20130827 10:16:17 |k Rodrigo Vera | ||
| 999 | |c 330997 |d 330995 | ||
| 952 | |0 0 |1 0 |4 0 |6 339_000000000000000_MAN_2007 |7 0 |8 R |9 417065 |a BIBENE |b BIBENE |d 2019-11-22 |i 4466985 |o 339 MAN 2007 |p 4466985 |r 2025-01-15 |w 2019-11-22 |y BK_R |k ICO | ||
| 952 | |0 0 |1 0 |4 0 |6 339_000000000000000_MAN_2007 |7 0 |8 R |9 417066 |a BIBENE |b BIBENE |d 2019-11-22 |i 4529103 |l 1 |o 339 MAN 2007 |p 4529103 |r 2025-01-15 |s 2022-08-12 |w 2019-11-22 |y BK_R |k ICO | ||
| 952 | |0 0 |1 0 |4 0 |6 339_000000000000000_MAN_2007 |7 0 |8 R |9 417067 |a BIBENE |b BIBENE |d 2019-11-22 |i 4529111 |o 339 MAN 2007 |p 4529111 |r 2025-01-15 |w 2019-11-22 |y BK_R |k ICO | ||
| 952 | |0 0 |1 2 |2 ddc |4 0 |6 339_000000000000000_MAN_2007 |7 0 |8 R |9 417068 |a BIBENE |b BIBENE |d 2019-11-22 |i 452912K |o 339 MAN 2007 |p 452912K |r 2019-11-22 |w 2019-11-22 |y BK_R |k ICO | ||
| 952 | |0 0 |1 0 |4 0 |6 339_000000000000000_MAN_2007 |7 0 |8 R |9 417069 |a BIBENE |b BIBENE |d 2019-11-22 |i 4529138 |o 339 MAN 2007 |p 4529138 |r 2025-01-15 |w 2019-11-22 |y BK_R |k ICO | ||
| 952 | |0 0 |1 0 |4 0 |6 339_000000000000000_MAN_2007 |7 0 |8 R |9 417070 |a BIBENE |b BIBENE |d 2019-11-22 |i 4886771 |l 1 |o 339 MAN 2007 |p 4886771 |r 2025-01-15 |s 2023-04-14 |w 2019-11-22 |y BK_R |k ICO | ||
| 952 | |0 0 |1 0 |3 erb |4 0 |6 339_000000000000000_MAN_2007 |7 0 |8 R |9 417071 |a BIBENE |b BIBENE |d 2019-11-22 |i 5005000 |o 339 MAN 2007 |p 5005000 |r 2025-01-15 |w 2019-11-22 |y BK_R |z Catalogado en:20130829 |k ICO | ||
| 952 | |0 0 |1 0 |3 erb |4 0 |6 339_000000000000000_MAN_2007 |7 0 |8 R |9 417072 |a BIBENE |b BIBENE |d 2019-11-22 |i 5005019 |o 339 MAN 2007 |p 5005019 |r 2025-01-15 |w 2019-11-22 |y BK_R |z Catalogado en:20130829 |k ICO | ||
| 952 | |0 0 |1 0 |3 erb |4 0 |6 339_000000000000000_MAN_2007 |7 0 |8 R |9 417073 |a BIBENE |b BIBENE |d 2019-11-22 |i 5005027 |o 339 MAN 2007 |p 5005027 |r 2025-01-15 |w 2019-11-22 |y BK_R |z Catalogado en:20130829 |k ICO | ||
| 952 | |0 0 |1 0 |3 erb |4 0 |6 339_000000000000000_MAN_2007 |7 0 |8 R |9 417074 |a BIBENE |b BIBENE |d 2019-11-22 |i 5005035 |o 339 MAN 2007 |p 5005035 |r 2025-01-15 |w 2019-11-22 |y BK_R |z Catalogado en:20130829 |k ICO | ||
| 952 | |0 0 |1 0 |3 erb |4 0 |6 339_000000000000000_MAN_2007 |7 0 |8 R |9 417075 |a BIBENE |b BIBENE |d 2019-11-22 |i 5005043 |o 339 MAN 2007 |p 5005043 |r 2025-01-15 |w 2019-11-22 |y BK_R |z Catalogado en:20130829 |k ICO | ||
| 952 | |0 0 |1 0 |3 erb |4 0 |6 339_000000000000000_MAN_2007 |7 0 |8 R |9 417076 |a BIBENE |b BIBENE |i 3615901 |o 339 MAN 2007 |p 3615901 |r 2025-01-15 |w 2019-11-22 |y BK_R |z Catalogado en:20140529 |k ICO | ||